00651nam a22001817a 450000500170000001000150001702000110003203500130004303700130005608200140006924500370008326000420012027001010016230000220026394200280028599900170031395201390033020100821144348.0 aENG-101245 c120.00 aEN-84778 bDBAD/PUB a347.00954 aThe bar council of India rules / aDelhibUniversal Law Publishingc2010 aC-FF-1A, Dilkush Industrial Estate, (Near Azadpur Metro Station) G.T. Karnal RoadbDelhie110033 a167p.c24cm (pbk) 2ddccENh347.00954mBAR c42913d42913 001040718NFICaDBADbDBADd2010-08-21eDBAD/PUBg120.00l0o347.00954 BARpEN-84778r2010-08-21 00:00:00t1v120.00w2010-08-21yEN